Markets (Record no. 82830)

MARC details
000 -LEADER
fixed length control field 01133cab a22001935a 4500
001 - CONTROL NUMBER
control field L151646
008 - FIXED-LENGTH DATA ELEMENTS--GENERAL INFORMATION
fixed length control field 101123e20101119xxk 000 0 eng d
035 ## - SYSTEM CONTROL NUMBER
System control number (Sirsi) u151646
041 0# - LANGUAGE CODE
Language code of text/sound track or separate title eng
100 1# - MAIN ENTRY--PERSONAL NAME
Personal name Hatcher, David
245 00 - TITLE STATEMENT
Title Markets
Remainder of title East Midlands
260 ## - PUBLICATION, DISTRIBUTION, ETC.
Date of publication, distribution, etc. 2010
490 #0 - SERIES STATEMENT
Series statement Property Week
Volume/sequential designation 76(46) 19 November 2010, 59-66 (5)
520 ## - SUMMARY, ETC.
Summary, etc. Derby City Council launches £10m regeneration scheme to restart stalled city developments and despite cash constraints will refurbish its Council House HQ. Cedar House Investments has secured a 20 000 sq ft prelet on Derby's Pride Park. Goodman has spent £20m on infrastructure and remediation works at its Derby Commercial Park. Westfield will make £40m of improvements to its Broadmarsh Shopping Centre in Nottingham. Pricing has become tricky in the region's secondary property market. Development has started on MF Strawson and Asda's Beaumond Cross regeneration scheme in Newark. Nottingham's Science Park is nearly fully occupied.
590 ## - LOCAL NOTE (RLIN)
Local note KA
651 #4 - SUBJECT ADDED ENTRY--GEOGRAPHIC NAME
Geographic name East Midlands
690 ## - LOCAL SUBJECT ADDED ENTRY--TOPICAL TERM (OCLC, RLIN)
Topical term or geographic name as entry element PROPERTY-COMMERCIAL PROPERTY-COMMERCIAL PROPERTY MARKET
942 ## - ADDED ENTRY ELEMENTS (KOHA)
Suppress in OPAC 0
Holdings
Withdrawn status Lost status Source of classification or shelving scheme Damaged status Not for loan Home library Current library Shelving location Date acquired Total Checkouts Full call number Barcode Date last seen Copy number Price effective from Koha item type
    Dewey Decimal Classification     London London Journal article 23/11/2010   L151646 151646-1001 06/08/2019 1 06/08/2019 Journal article